[Event "Mitropa Cup 19th"]
[Site "Baden"]
[Date "1999.04.04"]
[Round "4"]
[White "Jelen, Igor"]
[Black "Gyimesi, Zoltan"]
[Result "1/2-1/2"]
[WhiteElo "2389"]
[BlackElo "2529"]
[Annotator "Golod,V"]
[PlyCount "49"]
[EventDate "1999.04.??"]
[EventType "team-tourn"]
[EventRounds "9"]
[EventCountry "SUI"]
[Source "ChessBase"]
[SourceDate "1999.08.01"]

1. d4 Nf6 2. c4 e6 3. Nc3 Bb4 4. Qc2 O-O 5. a3 Bxc3+ 6. Qxc3 b6 7. Bg5 Ba6 $5 (
{Other lines are:} 7... c5) (7... Bb7) 8. e3 {Other options are:} (8. f3 $6
$146 d5 $1 $11 {-see comments to Golod,V-Dgebuadze,A/Hoogeveen,1998(1-0)(Golod,
V)(52)}) (8. Nf3) (8. Rc1) 8... d6 (8... h6) (8... d5) ({and} 8... c6 {-was
checked in the previous game.}) 9. Bd3 $5 {Is the main line. Desides,white has
several options:} (9. Nf3 $5 {-see comments to Ivanchuk,V-Adams,M/Linares,1999/
CBM 70(0-1)(Golod,V)(40)}) (9. f3) (9. Qc2) (9. b4) 9... Nbd7 10. b4 $5 {Other
alternatives are:} (10. Ne2 $5) ({and} 10. Nf3 $5) 10... c5 11. dxc5 bxc5 12.
Nf3 $6 ({Better is:} 12. b5 {(Finkel,A:Weakness of pawn d6 and the fact that
black lightsquared bishop is restricted by white pawns make white chanses
preferable).  You can see comments to CBM 63-7.Bg5 Ba6 8.e3 d6 9.Bd3 Nbd7/
Tampere,1998/CBM 63(Finkel,A)(16) and                                         
Dreev,A-Zvjaginsev,V/Groningen,1997/CBM 63(1-0)(Finkel,A)(34)}) (12. Ne2 $6 {
Finkel,A} Ne5 13. O-O cxb4 14. axb4 Bxc4 $1 15. Bxc4 Rc8 16. Rxa7 Rxc4 17. Qb3
Qb6 $15 {[%csl Rb4] Linauskas Dainius-Nikolenko Oleg/It (open), Katowice 
(Poland) 1995/1/2-1/2 (43)}) 12... d5 $146 ({Can be recommended:} 12... h6 $5
13. Bh4 Bb7 14. O-O Qc7 15. b5 Ne4 16. Qc2 f5 $11 {Jelen,I-Soffer,R/Budapest,
1998/EXT 99(0-1)(40)}) ({and} 12... Qc7 $5 13. O-O Bb7 14. Nd2 d5 15. Bf4 e5
16. Bg3 d4 17. exd4 exd4 18. Qc2 Qc6 19. f3 a5 20. b5 Qb6 $11 {Alterman,B-Har
Zvi,R/Tel Aviv,1996/CBM 52 ext(1/2-1/2)(25)}) 13. cxd5 ({Slightly worse is:} 
13. b5 {in view of:} Bb7 (13... dxc4 $6 14. Bxc4 (14. Bxh7+ $143 Kxh7 15. Qc2+
(15. bxa6 Ne4 16. Bxd8 (16. Qc2 $2 Qa5+ 17. Kf1 f5 $15) 16... Nxc3 $11) 15...
Kg8 16. bxa6 Qa5+ 17. Nd2 $11) 14... Ne4 15. Qxg7+ $1 Kxg7 16. Bxd8 Bxb5 (16...
Rfxd8 $5) 17. Bxb5 Raxd8 (17... Rfxd8 $4 18. Bc6 $18 {[%csl Ra8,Re4]}) 18. Rc1
$14) 14. O-O h6 15. Bh4 Rc8 $13) 13... Nxd5 ({Badly:} 13... cxb4 $2 {because
of:} 14. axb4 Rc8 (14... Bxd3 15. dxe6 Nb6 16. Rd1 $16 {[%csl Rd3]}) (14...
Nxd5 $4 15. Qd2 {[%csl Ra6,Rd8]} f6 $8 16. Bxa6 fxg5 17. Bb7 $18 {[%csl Ra8,
Rd5]}) 15. Qa3 Bxd3 16. dxe6 $1 $16 Nb6 17. Rd1 {[%csl Rd3]} Nc4 18. Qxd3 Qxd3
19. Rxd3 Nb2 20. Rd4 $1 (20. Rd2 $143 Ne4 $1) 20... Rc1+ 21. Ke2 Rxh1 22. e7 {
[%csl Ge7]} Ne8 (22... Re8 $2 23. Bxf6 gxf6 24. Rd8 $18) 23. exf8=Q+ Kxf8 24.
Rd7 {+/-/+-}) 14. Bxd8 ({After:} 14. Bxh7+ $6 Kh8 $8 (14... Kxh7 $4 15. Qc2+ {
[%csl Rd8,Rh7][%cal Gg5d8]}) 15. Qc2 f6 16. Bf4 cxb4 {[%csl Ga6,Re1] black has
a strong initiative in the centre}) 14... Nxc3 15. Bxa6 Rfxd8 16. O-O ({By
mistake:} 16. Rc1 {in view of:} cxb4 17. axb4 Na2 18. Rc4 Nb6 19. Re4 Nd5 {
[%csl Rb4] and black has a positional advantage in the endgame.}) 16... Rab8 (
16... cxb4 $6 17. axb4 $140 Nd5 $2 18. Bb7 Rab8 19. Bxd5 exd5 20. Nd4 $16 {
[%csl Ra7,Rd5]}) 17. Rfc1 cxb4 $2 ({In my opinion equality after:} 17... Na4)
18. axb4 Nd5 19. b5 $1 $14 {[%csl Ra7] with the idea Nd4-c6 or Rc7(קa7)} ({
Right away draw after:} 19. Bc4 $6 N7b6 (19... Nxb4 $5 20. Rxa7 Rbc8 21. Raa1
$11) 20. Bxd5 Nxd5 21. Rxa7 Rxb4 22. Ng5 Rf8 $11) 19... Rb6 $6 (19... Kf8 $142
20. Nd4 $140 Rb6 $14) 20. Nd4 (20. e4 $143 Nb4 21. Rc7 Nxa6 22. bxa6 Nb8 $11 {
[%csl Rg1]}) 20... Kf8 $6 ({Can be recommended:} 20... Nb8 $5 21. Nc6 {[%csl
Ra7,Rd8]} Nxc6 22. bxc6 Nc7 23. Bb7 Kf8 $1 (23... a6 $143 24. Rd1 $1 {[%csl
Rc7]} Rd5 25. e4 $16) 24. Rxa7 Ke8 {[%csl Rb7]} 25. Raa1 {[%cal Gc1d1] +/=/+/-}
) (20... Ne5 21. Nc6 Nxc6 22. bxc6 {-see 20...Nb8}) 21. Kf1 $2 {Stroke mistake!
} ({It is necessary} 21. Rc8 $1 {[%csl Ra7]} Rxc8 (21... Ke8 22. Rxd8+ Kxd8 23.
Nc6+ Kc7 24. Rc1 $16) 22. Bxc8 N7f6 (22... N5f6 23. Rxa7 e5 24. Bxd7 Nxd7 25.
Nc6 $16 {[%csl Rf8][%cal Ga7a8]} (25. Rxd7 $143 exd4 26. Rd5 dxe3 27. fxe3 {+/
=/+/- R_|_})) (22... Nc5 23. Rxa7 e5 24. Nf5 $16) 23. Rxa7 e5 24. Nf5 g6 (24...
Rxb5 25. Rxf7+ $1 Kxf7 26. Nd6+ Ke7 27. Nxb5 $16) 25. Nh6 Ne7 26. Ba6 $16)
21... Nb8 $1 $11 22. Nc6 Nxc6 23. bxc6 (23. Rxc6 $143 Ke7) 23... Rd6 ({Badly:} 
23... Nc7 $2 24. Bb7 $140 Rb2 {[%csl Rf2][%cal Gd8d2] because of:} 25. Rd1 $16)
24. Bb7 Ne7 $1 25. Rxa7 (25. Rxa7 Nxc6 26. Ra8+ Ke7 27. Bxc6 Rdxc6 $11) 1/2-1/2

[Event "Mitropa Cup 19th"]
[Site "Baden"]
[Date "1999.04.04"]
[Round "4"]
[White "Kindermann, Stefan"]
[Black "Balogh, Tomas"]
[Result "1/2-1/2"]
[WhiteElo "2541"]
[BlackElo "2435"]
[Annotator "Mueller,Karsten"]
[PlyCount "36"]
[EventDate "1999.04.??"]
[EventType "team-tourn"]
[EventRounds "9"]
[EventCountry "SUI"]
[Source "ChessBase"]
[SourceDate "1999.08.01"]

1. e4 c6 2. d4 d5 3. exd5 cxd5 4. c4 Nf6 5. Nc3 Nc6 6. Bg5 dxc4 7. d5 Ne5 8.
Qd4 h6 (8... Nd3+ 9. Bxd3 cxd3 10. Nf3 $14 {1/2-1/2 Ivkov,B-Damjanovic,M/
Sarajevo 1966/Inf 01 (29)}) (8... Ned7 9. Bxc4 $14 {1/2-1/2 Porreca,G-Milic,B/
Zagreb 1955/MCD-r5 (49)} (9. Nf3 a6 $6 10. Bxc4 Qb6 $6 11. Qd2 $14 {/+/- 1-0
Klundt,K-Barnetche,P/Urcuit op 1989/TD 89\10 (38)})) (8... Qc7 $6 9. Bf4 Nfd7
10. O-O-O a6 11. Re1 f6 12. Nf3 $36 {1-0 Gaprindashvili,N-De la Rosa,E/Buenos
Aires olw 1978/MCD-ol (64)}) 9. Qxe5 (9. Bf4 Ng6 10. Bxc4 Nxf4 11. Qxf4 a6 12.
Nf3 g6 13. O-O $11 {1/2-1/2 Vaganian,R-Ehlvest,J/Riga 1995/CBM 47 (62)}) (9.
Bh4 Ng6 10. Bg3 (10. Bxf6 gxf6 11. Bxc4 Bg7 12. Bb5+ Kf8 13. Nge2 $13 {1-0
Suba,M-Kuijf,M/Sitges op 1992/TD 92\09 (44)}) 10... e6 11. d6 Ne7 $13 {1-0
Anand,V-Seirawan,Y/Amsterdam 1992/CBM 30/[Blatny,P] (39)}) 9... hxg5 10. Bxc4
Bd7 $5 $146 ({Bekannt ist} 10... a6 11. O-O-O Qd6 12. Nf3 {1-0 Polgar,
J-Seirawan,Y/Monaco 1993/EXP 34 (29) und der weiße Entwicklungsvorsprung sieht
doch recht beunruhigend aus.}) 11. Qxg5 ({Auch nach anderen Zügen habe ich für
Weiß keinen Vorteil herausholen können, aber irgendwie sieht die schwarze
Stellung etwas verdächtig aus, z.B.} 11. Bb3 g4) (11. Nge2 Rc8 12. Bb3 g4 13.
Nf4 Qb6) (11. Nf3 g4 12. Ng5 Rh5 {jeweils mit Gegenspiel.}) 11... Qc7 $1 {
[%cal Gc7h2,Gc7c4]} 12. Bb3 (12. Bb5 Rh5 13. Bxd7+ Qxd7 14. Qg3 Nxd5 $11 {/=/+}
) (12. Be2 Rxh2 13. Rxh2 Qxh2 14. Nf3 Qh1+ 15. Bf1 Qh6 $11) 12... Rxh2 13. Rxh2
Qxh2 14. O-O-O g6 $1 15. Nf3 Bh6 16. Nxh2 Bxg5+ 17. Kb1 Bf4 18. Nf3 Kf8 $15
1/2-1/2

[Event "Mitropa Cup 19th"]
[Site "Baden"]
[Date "1999.04.04"]
[Round "4"]
[White "Kozul, Zdenko"]
[Black "Bergez, Luc"]
[Result "1-0"]
[WhiteElo "2585"]
[BlackElo "2378"]
[PlyCount "83"]
[EventDate "1999.04.??"]
[EventType "team-tourn"]
[EventRounds "9"]
[EventCountry "SUI"]
[Source "ChessBase"]
[SourceDate "1999.08.01"]

1. Nf3 Nf6 2. c4 g6 3. Nc3 Bg7 4. e4 d6 5. d4 O-O 6. Be2 e5 7. O-O Nc6 8. d5
Ne7 9. Ne1 Nd7 10. Nd3 f5 11. Bd2 Kh8 12. Rc1 c5 13. dxc6 bxc6 14. f3 c5 15.
Nd5 Nc6 16. b4 cxb4 17. N3xb4 Nd4 18. exf5 a5 19. Nc2 Nxe2+ 20. Qxe2 gxf5 21.
Rb1 f4 22. Na3 Nc5 23. Nb6 Bf5 24. Nxa8 Qxa8 25. Bc3 Bd3 26. Qd2 Qc6 27. Rfd1
Qa4 28. Nb5 d5 29. cxd5 Bxb5 30. Qb2 Bd3 31. Bxe5 Bxe5 32. Qxe5+ Kg8 33. Rbc1
Re8 34. Qg5+ Bg6 35. h4 Qa3 36. Re1 Rxe1+ 37. Rxe1 Nd3 38. Rb1 Nb4 39. h5 Qxa2
40. Re1 Qxd5 41. Re8+ Kg7 42. h6+ 1-0

[Event "Mitropa Cup 19th"]
[Site "Baden"]
[Date "1999.04.04"]
[Round "4"]
[White "Manik, Mikulas"]
[Black "Stangl, Markus"]
[Result "1/2-1/2"]
[WhiteElo "2478"]
[BlackElo "2545"]
[Annotator "Ftacnik,L"]
[PlyCount "69"]
[EventDate "1999.04.??"]
[EventType "team-tourn"]
[EventRounds "9"]
[EventCountry "SUI"]
[Source "ChessBase"]
[SourceDate "1999.08.01"]

1. e4 c5 2. Nf3 d6 3. d4 cxd4 4. Nxd4 Nf6 5. Nc3 a6 6. g3 e5 7. Nde2 b6 $5 (
7... b5) 8. Bg2 Bb7 9. h3 (9. O-O Nbd7 10. b3 Nc5 11. Bg5 Be7 12. Bxf6 Bxf6 13.
Nd5 b5 14. Qd2 O-O 15. Rad1 Rc8 16. Qb4 Bc6 17. Qd2 Re8 18. h4 g6 19. b4 Nd7
20. Ne3 Nb6 {1/2-1/2 Kostic,V-Stangl,M/Austria/1997/ (46)}) 9... h5 10. Bg5 Be7
11. O-O (11. Bxf6 Bxf6 12. Nd5 Nd7 13. O-O h4 $13) 11... Nbd7 12. Qd2 Rc8 13.
Rfd1 (13. a4 O-O 14. Rad1 Qc7 $11) 13... b5 14. a3 Rc4 15. b3 Rc7 16. h4 (16.
Rac1 O-O $11) 16... O-O 17. Rac1 Qc8 (17... Qa8 18. f3 Rfc8 19. Bh3 $14) 18.
Bh3 Qa8 19. Bxd7 Rxd7 20. Bxf6 Bxf6 21. Nd5 Bd8 22. c4 f5 $1 {Black is truly
squeezed in the center, but he finds his chance in the opening of the new
front along the f file.} 23. exf5 (23. Nec3 bxc4 24. bxc4 f4 $15) 23... Rxf5
24. Nec3 Rf3 25. Qe2 Rdf7 26. Ne4 bxc4 (26... Bxd5 27. Rxd5 Bb6 28. Rf1 Rxb3
29. Rxd6 (29. Nxd6 Rff3 $1 (29... bxc4 30. Qxe5 Re7 31. Qxe7 Qxd5 32. Qe8+ Kh7
33. Ne4 $11) 30. Ne4 Rxa3 $17) 29... Bd4 30. Rxd4 $1 exd4 31. Ng5 $11) 27. bxc4
Bxd5 (27... Rxa3 $2 28. Nxd6 Bxd5 29. cxd5 Rf8 30. Qxe5 $16) 28. Rxd5 Bb6 {
This bishop is the key to the pressure along the f file. Black pawn d6 is
doomed, but can be protected indirectly.} 29. Rf1 Qf8 30. Kg2 (30. Rxd6 Rxg3+
$1 31. Nxg3 (31. Kh2 Rg4 32. Rxb6 Qd8 33. Rb3 Qxh4+ 34. Rh3 Rxe4 35. Rxh4 Rxe2
36. Rxh5 Rf3 $17) 31... Qxd6 32. Qxh5 Qe6 $15) 30... Bd4 (30... g6 31. Rxd6
Rxf2+ 32. Nxf2 Qxd6 33. Ne4 $14) 31. Rxd6 Bxf2 $2 {Stangl is careless and
misses the great shot of his enemy.} (31... Rxf2+ $1 32. Nxf2 Qxd6 33. Ne4 Qe6
34. Rxf7 Qxf7 $11) 32. Rd3 $2 (32. Qd1 $1 Rxg3+ (32... Qe7 33. Rxf2 Rxf2+ 34.
Nxf2 Qb7+ 35. Qd5 $18) 33. Nxg3 Bxg3 34. Rxf7 Qxf7 35. Rd8+ Kh7 36. Qd3+ e4 37.
Qxe4+ g6 38. Qd4 $18) 32... Rxd3 33. Qxd3 Bd4 34. Rxf7 Qxf7 35. c5 (35. c5 Qd5
36. Kf3 Kf8 $11) 1/2-1/2

[Event "Mitropa Cup 19th"]
[Site "Baden"]
[Date "1999.04.04"]
[Round "4"]
[White "Neubauer, Martin"]
[Black "Hug, Werner"]
[Result "1/2-1/2"]
[WhiteElo "2304"]
[BlackElo "2473"]
[PlyCount "33"]
[EventDate "1999.04.??"]
[EventType "team-tourn"]
[EventRounds "9"]
[EventCountry "SUI"]
[Source "ChessBase"]
[SourceDate "1999.08.01"]

1. e4 e6 2. Nc3 d5 3. d4 Bb4 4. exd5 exd5 5. Bd3 Nc6 6. a3 Ba5 7. Be3 Nf6 8.
Nge2 Bg4 9. f3 Bh5 10. O-O Bg6 11. Bg5 Bb6 12. Na4 O-O 13. c3 Qd6 14. Nf4 Ne8
15. Nxg6 hxg6 16. Nxb6 axb6 17. Qd2 1/2-1/2

[Event "Mitropa Cup 19th"]
[Site "Baden"]
[Date "1999.04.04"]
[Round "4"]
[White "Olivier, Jean Christophe"]
[Black "Palac, Mladen"]
[Result "1-0"]
[WhiteElo "2421"]
[BlackElo "2589"]
[Annotator "Gofshtein,L"]
[PlyCount "123"]
[EventDate "1999.04.??"]
[EventType "team-tourn"]
[EventRounds "9"]
[EventCountry "SUI"]
[Source "ChessBase"]
[SourceDate "1999.08.01"]

{Tsesarsky} 1. e4 c5 2. Nf3 Nc6 3. d4 cxd4 4. Nxd4 Nf6 5. Nc3 d6 6. Bc4 Qb6 7.
Ndb5 Bg4 8. f3 (8. Nd5 Nxd5 9. Qxg4 Nf6 10. Qe2 a6 11. Be3 Qa5+ 12. Bd2 Qb6 13.
Nc3 e6 14. O-O-O Be7 15. f4 Qc7 16. Be3 b5 17. Bb3 Na5 18. g4 Nxb3+ 19. axb3 b4
20. Na4 Nxe4 $17 {1/2-1/2 Macieja Bartlomiej-Skalik Przemyslaw/Ch Poland (team)
1996 (96)}) 8... Bd7 9. Qe2 a6 10. Be3 Qa5 11. Nd4 e6 (11... Rc8 12. Nb3 Qc7
13. O-O e6 14. Bd3 Ne5 15. Rae1 b5 16. Bg5 Be7 17. f4 Nxd3 18. cxd3 b4 19. Nd1
Bb5 $132 {0-1 Reichmann,H-Rabiega,R/Bremen GER 1998 (38)}) (11... b5 12. Bb3
Nxd4 13. Bxd4 e6 14. e5 dxe5 15. Qxe5 Be7 16. O-O (16. O-O-O O-O 17. g4 Bc6
$132) 16... Qd8 17. Rfe1 Rc8 18. Rad1 Qc7 $11 {0-1 Koch,J-Lugovoi,A/EUCup f
Budapest  ,CBM 1996/ (59)}) 12. Bb3 (12. Nb3 Qc7 13. f4 Be7 14. Bd3 Nb4 15. O-O
e5 16. a3 Bg4 17. Qe1 Nxd3 18. cxd3 Be6 19. Nd2 exf4 20. Rxf4 d5 $11 {1/2-1/2
Timman,J-Masic,L/Sombor 1972 (34)}) (12. O-O Be7 13. Bb3 O-O 14. Kh1 Rac8 15.
Rad1 b5 16. a3 Qc7 17. f4 Nxd4 18. Rxd4 Bc6 $11 {0-1 Zimmersmann,R-Lendvai,N/
HUN-chW 1991 (29)}) 12... Be7 (12... b5 13. a3 (13. Qf2 Qc7 14. g4 Ne5 15. g5
Nh5 16. a4 (16. Qh4 g6 $132) 16... b4 17. Nce2 Nc4 18. O-O-O Nxe3 19. Qxe3 Qa5
$15 {1-0 De Firmian,N-Waitzkin,J/NY Open (5) 1997 (49)}) (13. O-O-O Be7 (13...
b4 14. Nb1 (14. Nxc6 Bxc6 15. Nd5 exd5 16. exd5 Bb5 17. Qe1 Be7 18. Bd4 Kf8 $19
{0-1 Onoprienko,V-Khasin,A/RUS-chT Kazan 1995 (42)}) 14... Be7 15. g4 Nxd4 16.
Rxd4 e5 17. Rdd1 Be6 $132 {1/2-1/2 Topalov,V-Kramnik,V/Dos Hermanas 1996/CBM
53/ (44)}) 14. a3 O-O 15. g4 Rfc8 16. g5 Ne8 17. Kb1 b4 18. axb4 Nxb4 19. f4
Rab8 20. Qe1 Nc7 (20... Bf8 21. f5 exf5 (21... Nxc2 $2 22. Kxc2 $16 {1-0
Velimirovic,D-Csom,I/Sombor 1972/Inf 14 (27)}) 22. exf5 Nxc2 $1 23. Bxf7+ (23.
Kxc2 Bxf5+ 24. Rd3 (24. Nxf5 Qxf5+ 25. Rd3 Rxb3 $19) 24... Bxd3+ (24... Be4 25.
Qa1 Qb4 26. Rhd1 Rc5 (26... a5 27. Kb1 Bxd3+ 28. Rxd3 $15) 27. Kb1 Bxd3+ 28.
Rxd3 Ra5 29. Ba2 Qb7 $17) 25. Kxd3 d5 $15) 23... Kxf7 24. g6+ hxg6 25. fxg6+
Kg8 26. Kxc2 Ba4+ $19) 21. f5 d5 $132) 13... Be7 14. O-O Qc7 (14... Nxd4 15.
Bxd4 e5 16. Be3 Rc8 17. Qd2 Be6 18. Rfd1 Qc7 (18... O-O 19. Nd5 Qd8 20. Nxe7+
Qxe7 21. Qxd6 $16) (18... Bxb3 19. cxb3 O-O (19... Rc6 20. Rac1 Qd8 21. Nd5
Rxc1 22. Nxf6+ Bxf6 23. Rxc1 O-O 24. Rc6 $16) 20. Nd5 Qd8 21. Nxe7+ Qxe7 22.
Qxd6 $16) 19. Bg5 O-O 20. Bxf6 Bxf6 21. Bxe6 Qb6+ 22. Qf2 Qxf2+ 23. Kxf2 fxe6
24. Rxd6 $18) 15. Nxc6 Bxc6 16. Rad1 O-O 17. Bd4 Qb7 18. Rfe1 Rfe8 $132 {1/2-1/
2 Sax,G-Csom,I/Budapest HUN/K 1976 (24)}) 13. g4 Nxd4 (13... O-O $11) 14. Bxd4
h5 $5 (14... O-O 15. Qe3 (15. O-O-O Rac8 $132) 15... Bd8 $11) 15. g5 $5 (15.
gxh5 Nxh5 16. O-O-O (16. Rg1 Bh4+ 17. Kd1 Bg5 $15) 16... Rc8 17. Rhg1 Bg5+ 18.
Kb1 (18. Be3 Bf6 19. Bd4 Nf4 20. Qe3 Bxd4 21. Rxd4 Qc5 22. Rxg7 e5 23. Rd3 Be6
24. Bxe6 Nxd3+ 25. Qxd3 fxe6 $17) 18... Nf4 19. Qd2 Nh3 20. Rxg5 Qxg5 21. Be3
Qe7 $17) 15... Qxg5 16. Rg1 Qh4+ 17. Rg3 Kf8 (17... Bc6 $15) 18. O-O-O Ne8 19.
Be3 (19. Qg2 Bf6 20. Be3 Be5 21. Bg5 Bf4+ 22. Kb1 Bxg5 23. Rxg5 Rc8 $15) 19...
Bc6 20. Qg2 Bd8 21. Ne2 Qe7 22. Rg1 Rh7 23. h4 Qxh4 24. Rg5 Bxe4 (24... Bb5 25.
Nc3 d5 26. Rh1 Bxg5 27. Bxg5 Qxh1+ 28. Qxh1 $16) 25. fxe4 Bxg5 26. Bxg5 Qg4 27.
Qxg4 hxg4 28. Rxg4 Nf6 29. Bxf6 gxf6 30. Rg2 (30. c3 Ke7 31. Bc2 Rh2 $15) 30...
Rh4 31. Nc3 Rc8 (31... Ke7 $15) 32. Kd2 Rc5 33. Rf2 (33. Ke3 Ke7 $15) 33... Ke7
34. Kd3 Rh3+ (34... b5 $15) 35. Kd2 Re5 (35... Rg5 $15) 36. Bc4 b5 (36... Rg5
$15) 37. Bd3 b4 (37... Rg5 $15) (37... Reh5 $15) 38. Ne2 d5 $2 $16 {Maybe,
time pressure?} (38... a5 39. c3 bxc3+ 40. Nxc3 Rg5 $15) 39. exd5 f5 (39...
Rxd5 40. Nf4 $18) (39... exd5 40. Bxa6 $16 (40. Nd4 Reh5 41. Nc6+ Kd6 42. Nxb4
a5 43. Na6 $16)) 40. dxe6 (40. Nf4 Rg3 41. dxe6 fxe6 42. Bxa6 $16) 40... fxe6
41. Bxa6 Rh4 42. Nf4 Kf6 43. b3 $6 (43. c3 Re4 44. Ne2 bxc3+ 45. Nxc3 Rd4+ 46.
Kc2 e5 47. a4 $16) 43... Re4 44. Nd3 $2 $11 {This point for Bishop, not for
knight!} (44. Ne2 $1 Rh8 (44... e5 45. Bd3 $18) 45. Bd3 Reh4 46. c3 Ra8 (46...
bxc3+ 47. Nxc3 Rh2 48. Re2 e5 49. a4 e4 50. Rxh2 (50. Bxe4 $11) 50... Rxh2+ 51.
Be2 Ke5 52. a5 f4 53. a6 Rh8 (53... f3 54. a7 Rh8 55. Bc4 $18) 54. a7 Rd8+ 55.
Ke1 f3 56. Ba6 Kd4 57. Nxe4 Kxe4 58. a8=Q+ Rxa8 59. Bb7+ $18) 47. Nc1 bxc3+ 48.
Kxc3 $16) 44... e5 45. c3 bxc3+ 46. Kxc3 Rd4 $4 $18 (46... Re3 47. Kd2 (47. Bc8
e4 48. Rxf5+ Ke7 49. Rd5 exd3 $11) 47... Reh3 48. Bc8 (48. a4 $2 e4 $15) (48.
Ke2 e4 49. Nf4 Rh2 $44) 48... Rh2 49. Ke1 Rxf2 50. Nxf2 e4 51. a4 Ke5 52. a5 e3
53. Nd1 Kd4 54. Bb7 Rh2 55. a6 Ra2 56. Nb2 Rxb2 57. a7 Rb1+ 58. Ke2 Rb2+ 59.
Ke1 (59. Kf3 Rf2+ 60. Kg3 f4+ 61. Kg4 Ra2 $19) 59... Rb1+ 60. Ke2 $11) 47. a4
Rd6 (47... Rh3 48. Kc2 e4 49. Nc5 $1 (49. Nb2 e3 50. Rf1 f4 51. Kc3 Re4 52. Be2
Rh2 53. Kd3 Rb4 54. Nc4 Rxb3+ 55. Kc2 Rb7 (55... Rb8 56. Rxf4+ Kg5 57. Rg4+ Kf6
58. Kd3 Rb3+ 59. Kc2 Rb8 $11) 56. Rxf4+ Kg5 57. Rg4+ Kf6 58. Kd3 Rb3+ 59. Kc2
Rb7 $11) 49... Rh4 (49... Ke5 50. Rxf5+ Kxf5 51. Bc8+ $18) (49... Rf3 50. Rxf3
exf3 51. Nd3 Re4 52. Nf2 Re3 53. a5 $18) 50. Kc3 Rd8 51. Bb5 e3 52. Rf3 f4 53.
a5 Rd5 (53... Ke5 54. Nd3+ Kf5 55. b4 Rc8+ 56. Nc5 Ke5 57. Bc4 $18) 54. b4 Ke5
55. a6 $18) 48. Bc4 (48. Nc5 $18) 48... e4 49. Nc5 Ke5 50. a5 (50. b4 $2 Rh3+
51. Kc2 f4 (51... Kd4 52. Bf1 Rc3+ 53. Kb2 $18) 52. a5 (52. Rg2 f3 53. Rg4 Rd4
54. Rg5+ (54. Be6 Rh5 $1) 54... Kf6 55. Be6 Kxg5 56. Bxh3 Rxb4 $17 (56... e3
57. Ne6+ Kh4 58. Nxd4 $18)) 52... Rd4 53. Be6 Ra3 $132) 50... Rh3+ 51. Kb4 e3
52. Re2 Kd4 (52... f4 53. Nd3+ Rxd3 (53... Ke4 54. Nf2+ $18) 54. Bxd3 Kd4 55.
Bb5 f3 56. Rc2 $18) 53. Ne6+ Rxe6 (53... Ke5 54. Ng5 $18 {[%csl Rf7,Rh3]}) 54.
Bxe6 Rh5 55. a6 f4 56. Bg4 Rh8 57. Bf3 Rb8+ 58. Ka4 Rb6 59. Ka5 Rxb3 60. Ra2
Kc5 61. a7 Rb5+ 62. Ka4 1-0

[Event "Mitropa Cup 19th"]
[Site "Baden"]
[Date "1999.04.04"]
[Round "4"]
[White "Plachetka, Jan"]
[Black "Naumann, Alexander"]
[Result "1/2-1/2"]
[WhiteElo "2395"]
[BlackElo "2480"]
[PlyCount "49"]
[EventDate "1999.04.??"]
[EventType "team-tourn"]
[EventRounds "9"]
[EventCountry "SUI"]
[Source "ChessBase"]
[SourceDate "1999.08.01"]

1. e4 c5 2. Nf3 d6 3. d4 cxd4 4. Nxd4 Nf6 5. Nc3 a6 6. Bc4 e6 7. Bb3 b5 8. O-O
b4 9. Na4 Bd7 10. f4 Nc6 11. f5 e5 12. Ne6 fxe6 13. fxe6 Bc8 14. Bg5 Be7 15.
Bxf6 Bxf6 16. Rxf6 Qxf6 17. Qxd6 Nd4 18. Nb6 Bxe6 19. Nxa8 Ne2+ 20. Kh1 Ng3+
21. hxg3 Qh6+ 22. Kg1 Qe3+ 23. Kh2 Qh6+ 24. Kg1 Qe3+ 25. Kh2 1/2-1/2

[Event "Mitropa Cup 19th"]
[Site "Baden"]
[Date "1999.04.04"]
[Round "4"]
[White "Soln, Primoz"]
[Black "Acs, Peter"]
[Result "1-0"]
[WhiteElo "2425"]
[BlackElo "2521"]
[Annotator "Huebner,R"]
[PlyCount "63"]
[EventDate "1999.04.??"]
[EventType "team-tourn"]
[EventRounds "9"]
[EventCountry "SUI"]
[Source "ChessBase"]
[SourceDate "1999.08.01"]

1. d4 d5 2. c4 c6 3. Nc3 Nf6 4. Nf3 dxc4 5. a4 Bf5 6. Nh4 e6 7. Nxf5 exf5 8. e3
Bb4 9. Bxc4 O-O 10. O-O a5 11. Qf3 g6 12. Rd1 Nbd7 13. Bd2 Nb6 14. Bb3 Qe7 (
14... Re8 15. h3 h5 16. Rac1 Qe7 17. Nb1 Ne4 18. Bc3 Bd6 $15 {1-0 Reeh,
O-Janovsky,S/Budapest 1991/CBM 24 ext (27)}) 15. Rac1 Rfd8 16. Be1 Rd7 17. Ne2
Bd6 18. h3 Ne4 19. Nc3 Ng5 20. Qe2 Re8 21. Rc2 Qf6 22. h4 Ne6 23. g3 Bb4 24.
Qf3 Nc7 25. Rcc1 Rde7 $6 {Es war nicht nötig, dem Weißen den folgenden Vorstoß
zu erlauben, aber fatal ist dies noch nicht.} (25... Kg7 {war eine solider Zug.
}) 26. e4 Bxc3 $2 {Dies ist allerdings selbstmörderisch, insbesondere, weil
der Bauer auf a5 ungeschützt bleibt. Nach} (26... Ne6 27. e5 Qg7 {hat Schwarz
nach wie vor keine Sorgen.}) 27. Bxc3 Rxe4 28. d5 Qd6 29. dxc6 Qe7 ({Die
Fortsetzung} 29... Qxc6 30. Bxa5 Re1+ 31. Kg2 Qxf3+ 32. Kxf3 Rxd1 33. Rxd1 {
verheißt dem Schwarzen keine Rettung.}) 30. Bxa5 Nca8 31. Bxb6 Nxb6 32. a5 1-0